Представление документа в формате MARC21

Поле Инд. ПП Название Значение
Тип записи a
Библиографический уровень m
001 _ Контрольный номер RU/URAIT/477138
005 _ Дата корректировки 20250915104058.6
008 Кодируемые данные 200721s2021 RU y f j 000 0 rus u
020 a ISBN 978-5-534-13825-2
c Цена, тираж 369.00
040 a Служба первич. каталог. ИКО Юрайт
c Служба, преобразующая запись ИКО Юрайт
e Правила каталог. RCR
041 a Код языка текста rus
044 a Код страны публикации RU
080 a Индекс УДК 33(075.8)
084 2 Источник индекса rubbk
a Индекс другой классификации/Индекс ББК 65я73
100 1_ a Автор Белый Евгений Михайлович
q Полное имя Евгений Михайлович
245 a Заглавие Введение в специальность: экономическая безопасность
b Продолж. заглавия Учебное пособие для вузов
c Ответственность Белый Е. М.
256 a Характеристики компьютерного файла Электрон. дан.
260 a Место издания Москва
b Издательство Юрайт
c Дата издания 2021
300 a Объем 148 с
440 a Серия Высшее образование
500 a Примечание URL: https://urait.ru/bcode/477138 (дата обращения: 23.11.2021).
520 a Аннотация Курс знакомит с содержанием профессии, связанной с экономической безопасностью страны, региона, организации, личности. Слушатель познакомится с базовыми понятиями экономической безопасности, ее современными проблемами. В курсе речь также идет о компетенциях, которыми должен обладать специалист в области экономической безопасности, возможных сферах и видах деятельности выпускника этой специальности. В курсе представлен краткий обзор правового обеспечения экономической безопасности в Российской Федерации. Соответствует актуальным требованиям Федерального государственного образовательного стандарта высшего образования. Курс будет полезен, в первую очередь, студентам начальных курсов, обучающихся по специальности «Экономическая безопасность», а также тем, кто только делает выбор будущей профессии.
538 a Прим. о системных особенностях Режим доступа: Электронно-библиотечная система Юрайт, для авториз. пользователей
653 a Ключевые слова Экономика
653 a Ключевые слова Экономика и управление
653 a Ключевые слова Введение в специальность
653 a Ключевые слова Введение в профессию
653 a Ключевые слова Основы профессии
653 a Ключевые слова Специальность
653 a Ключевые слова Введение в основы специальности
653 a Ключевые слова Введение в специальность (профессию)
653 a Ключевые слова Введение в профессию (Введение в специальность)
856 40 u URL https://urait.ru/bcode/477138
x Примечание для ЭОР https://urait.ru/book/cover/BE1C687B-B175-48A8-8186-CAE9AE33B9A6
z Примечание для пользователя Участвует в КО
856 41 u URL https://urait.ru/book/cover/BE1C687B-B175-48A8-8186-CAE9AE33B9A6